000 00512nam a2200181Ia 4500
008 090124s9999 xx 000 0 und d
082 _b36898
100 _aवाड विजया
245 _a अभिनेत्री
250 _a1
260 _bदिलीप प्रकाशन
_c2000
300 _a166
600 _aवाड विजया
630 _a अभिनेत्री
700 _aवाड विजया
730 _a अभिनेत्री
942 _cBOOK
999 _c102890
_d102890